プロ野球スピリッツA【プロスピA】 ポジション別守備適性最高値の選手名 - Statistics

General Stats
  • This quiz has been taken 203 times
  • The average score is 6 of 8
Answer Stats
ポジション 適性値 選手名 % Correct
右翼手 S(91) イチロー
99%
捕手 A(89) 古田敦也
97%
二塁手 A(88) 菊池涼介
92%
遊撃手 A(88) 源田壮亮
86%
三塁手 A(80) 長嶋茂雄
79%
中堅手 A(89) 飯田哲也
69%
左翼手 A(87) 田口壮
50%
一塁手 B(75) 内川聖一
36%
No matching quizzes found
Score Distribution
Percent of People with Each Score
Percentile by Number Answered
Your Score History
You have not taken this quiz